Statistics for Hunger Games--Peeta Mellark Quiz

Click here to take the quiz!

General Stats

  • This quiz has been taken 57 times
  • The average score is 7 of 15

Answer Stats

HintAnswer% Correct
Who does Peeta get married toKatniss Everdeen!
100%
The female District 12 Tribute in the Games with PeetaKatniss Everdeen
100%
What occupation does Peeta's parents have in District 12Bakers
70%
Which Tributes does Peeta accidentally kill in his first GamesFoxface
64%
How many kids does Peeta haveTwo
57%
What does Katniss see Peeta plant when she finds him in the Victor's villagePrimrose
53%
Who is Peeta's biggest lover competition for KatnissGale Hawthorne
51%
^The District of said TributeDistrict 5
45%
What game does Peeta play to help him sort out his memoriesReal or not real
45%
How does the Capitol hijack PeetaTracker Jacker venom
34%
The first Games that Peeta is in74th Games
23%
What are the second Games Peeta goes into75th Games
21%
Which member of Squad 451 does Peeta killMitchell
17%
What does Peeta refer to himself as after he kills ^Said personCapitol Mutt
9%
^What is so special about said GamesThey are a Quarter Quell
0%

Score Distribution

Percentile by Number Answered

Percent of People with Each Score

Your Score History

You have not taken this quiz